100 Resúmenes de TeLoResumo - Estadísticas

Estadísticas generales
  • Esta prueba ha sido intentada 37 veces
    4 desde el último reinicio
  • La puntuación promedio es 23 de 101
Estadísticas de respuestas
# Resumen % Correcto
1 The Walking Dead: T1
100%
2 The Walking Dead: T2
100%
7 The Walking Dead: T3
100%
12 The Walking Dead: T4
100%
29 The Walking Dead: T5
100%
56 The Walking Dead: T6
100%
19 Game Of Thrones: T1
67%
21 Game Of Thrones: T2
67%
78 Game Of Thrones: T3
67%
79 Game Of Thrones: T4
67%
88 Game Of Thrones: T5
67%
66 Harry Potter
67%
15 Maria La Del Barrio: P1
67%
16 Maria La Del Barrio: P2
67%
17 Maria La Del Barrio: P3
67%
99 Avatar, La Leyenda de Aang
33%
92 Batman, La Saga de Nolan
33%
91 Batman, La Saga de Tim Burton
33%
25 Breaking Bad
33%
38 Cebollitas
33%
23 Chiquititas: T1
33%
27 Chiquititas: T2
33%
32 Chiquititas: T3
33%
13 Dr. House
33%
54 El Señor de los Anillos
33%
48 Friends
33%
50 La Saga de Rocky
33%
75 La Saga de X-men: P1
33%
76 La Saga de X-men: P2
33%
100 Los Simuladores
33%
5 Lost: T1
33%
9 Lost: T2
33%
10 Lost: T3
33%
14 Lost: T4
33%
22 Lost: T5
33%
24 Lost: TF
33%
Mi Pobre Angelito
33%
18 Naranja y Media
33%
77 Rebelde Way
33%
67 Sharknado
33%
65 Stranger Things: T1
33%
94 Suicide Squad
33%
68 Terminator
33%
8 Verano del 98: P1
33%
33 Verano del 98: P2
33%
72 Verano del 98: P3
33%
98 Verano del 98: P4
33%
71 Alf
0%
4 Amigovios
0%
93 Batman Vs Superman
0%
20 Brigada Cola
0%
84 Capitán América: Civil War
0%
41 Comodines
0%
97 Daredevil: T1
0%
3 Dexter
0%
69 Dibu
0%
26 Dragón Ball
0%
55 Dragón Ball GT
0%
74 Dragón Ball Super: Saga Bills
0%
87 Dragón Ball Super: Saga Black Gokú
0%
28 Dragón Ball Z: La Resurrección de Freezer
0%
42 Dragón Ball Z: La Saga de Boo
0%
36 Dragón Ball Z: La Saga de Cell
0%
30 Dragón Ball Z: La Saga de Freezer
0%
35 El Hacker
0%
58 Fringe
0%
70 Grande Pa!
0%
81 Indiana Jones y El Templo de la Perdición
0%
86 Indiana Jones y La Ultima Cruzada
0%
80 Indiana Jones y Los Cazadores del Arca Perdida
0%
85 La Saga de Freddy Krueger
0%
95 Los Indestructibles
0%
96 Los Indestructibles 2
0%
49 Los Ricos No Piden Permiso
0%
51 Los Unicos
0%
37 Mad Men
0%
82 Marvel: Fase 1
0%
83 Marvel: Fase 2
0%
73 Matrix
0%
11 Mi Familia es un Dibujo
0%
57 Muñeca Brava
0%
90 Papá Se Volvió Loco
0%
45 Peligrosa Obsesión
0%
59 Pokémon
0%
6 Power Ranger
0%
47 Prision Break
0%
63 Resistiré
0%
31 Sangre Fría
0%
34 Sense 8: T1
0%
46 Son Amores
0%
52 Spotlight
0%
43 Star Wars (1, 2 y 3)
0%
44 Star Wars (4, 5 y 6)
0%
89 The OA
0%
53 The X Files
0%
64 Titanic
0%
40 Trolos, Sordos y Locas
0%
60 Volver al Futuro: P1
0%
61 Volver al Futuro: P2
0%
62 Volver al Futuro: P3
0%
39 Wet Hot American Summer
0%
No se encontraron pruebas coincidentes
Distribución de puntuación
Porcentaje de gente con cada puntuación
Porcentaje por número respondido
Historial de tus puntuaciones
No has intentado esta prueba desde el último reinicio